مكتبة جامعة عجلون الوطنية

فهرس بحث المكتبة

Normal view MARC view
  • المواقع االالكترونية - حاسوب

Entry Topical Term

Number of records used in: 1

001 - CONTROL NUMBER

  • control field: 50590

003 - CONTROL NUMBER IDENTIFIER

  • control field: JO-AjAnu

005 - DATE AND TIME OF LATEST TRANSACTION

  • control field: 20230606082328.0

008 - FIXED-LENGTH DATA ELEMENTS

  • fixed length control field: 230606|| aca||aabn | a|a d

040 ## - CATALOGING SOURCE

  • Original cataloging agency: JO-AjAnu
  • Transcribing agency: JO-AjAnu

150 ## - HEADING--TOPICAL TERM

  • Topical term or geographic name entry element: المواقع االالكترونية - حاسوب

670 ## - SOURCE DATA FOUND

  • Source citation: Work cat.: (JO-AjAnu)25862: المبيضين، وسام عبد الرحمن، م.مشارك فرحان محمد العبيسات، م.مشارك عيسى محمد قنبر, author 50589, تصميم المواقع الالكترونية باستخدام دريم ويفر